000 00725nam a22002177a 4500
003 UA-OsUOA
001 103443
007 ta
008 20131030b un ||||| |||| 00| 0 ukr d
100 _aРедзюк Є.В.
090 _a330(477)
_bР33
942 _cSA
040 _aUA-OsUOA
_bukr
_cUA-OsUOA
_dUA-OsUOA
245 _aПорівняльна характеристика темпів економічного зростання та капіталізації фондових бірж світу й України
300 _aС.78-91
955 _a0
041 _aukr
080 _a330(477)
773 0 _w103436
_tФінанси України
_dК.
_d2013
_g7
650 7 _a330 Економіка взагалі
_2UDC
999 _c390237
_d390237